000 00729nam a2200241Ia 4500
003 OSt
005 20220923211952.0
006 a|||||r|||| 00| 0
007 ta
008 220922b |||||||| |||| 00| 0 hin d
024 _a76,060
037 _cTextual
040 _aARTS
_cARTS
_bhin
041 _2hin
_ahin
082 _aR693, 152M1
100 _aबन्डोबा, अर्हतदास
245 0 _aजैन योग का आलोचनात्मक अध्ययन
246 _aJain yog kā ālochanātmak adhyayana
260 _c1981
300 _a256, 16p.
_ccm.
942 _hR693, 152M1
_cTEXL
_2CC
999 _c305038
_d305038